Perles fines cultivees
Đã lưu trong:
| Format: | Bog |
|---|---|
| Sprog: | Undetermined |
| Udgivet: |
Tokyo
Mikimoto
|
| Tags: |
Tilføj Tag
Ingen Tags, Vær først til at tagge denne postø!
|
| Thư viện lưu trữ: | Trung tâm Học liệu Trường Đại học Cần Thơ |
|---|
| LEADER | 00337nam a2200133Ia 4500 | ||
|---|---|---|---|
| 001 | CTU_104750 | ||
| 008 | 210402s9999 xx 000 0 und d | ||
| 082 | |a 016.952 | ||
| 082 | |b P461 | ||
| 245 | 0 | |a Perles fines cultivees | |
| 260 | |a Tokyo | ||
| 260 | |b Mikimoto | ||
| 904 | |i Truc | ||
| 980 | |a Trung tâm Học liệu Trường Đại học Cần Thơ | ||